<?xml version="1.0" encoding="UTF-8"?>
<collection xmlns="http://www.loc.gov/MARC21/slim">
 <record>
  <leader>00741nam a22001695a 4500</leader>
  <controlfield tag="001">EEA.libagro006257</controlfield>
  <controlfield tag="005">20161020113446.0</controlfield>
  <controlfield tag="008">130809s1999####ag#a##########000#0#spa#d</controlfield>
  <datafield tag="082" ind1="0" ind2="4">
   <subfield code="a">631.27</subfield>
  </datafield>
  <datafield tag="100" ind1="1" ind2=" ">
   <subfield code="a">Giraudo, Celso G.</subfield>
  </datafield>
  <datafield tag="245" ind1="1" ind2="0">
   <subfield code="a">Construcción de alambrados eléctricos en pampas y mallines /</subfield>
   <subfield code="c">Celso G. Giraudo ... [et al.].</subfield>
  </datafield>
  <datafield tag="260" ind1=" " ind2=" ">
   <subfield code="a">Bariloche :</subfield>
   <subfield code="b">INTA EEA Bariloche,</subfield>
   <subfield code="c">1999.</subfield>
  </datafield>
  <datafield tag="300" ind1=" " ind2=" ">
   <subfield code="a">12 p. :</subfield>
   <subfield code="b">il. ;</subfield>
   <subfield code="c">30 cm.</subfield>
  </datafield>
  <datafield tag="530" ind1=" " ind2=" ">
   <subfield code="a">Disponible también en línea.</subfield>
  </datafield>
  <datafield tag="710" ind1="2" ind2=" ">
   <subfield code="a">Instituto Nacional de Tecnología Agropecuaria (Argentina).</subfield>
   <subfield code="b">Estación Experimental Agropecuaria Bariloche.</subfield>
  </datafield>
  <datafield tag="856" ind1=" " ind2=" ">
   <subfield code="u">http://inta.gob.ar/sites/default/files/manual%5Felectrico.pdf</subfield>
   <subfield code="3">Texto completo ed. 2013</subfield>
  </datafield>
  <datafield tag="859" ind1=" " ind2=" ">
   <subfield code="a">AR-BbBCA</subfield>
   <subfield code="b">BIB. AGRONOMIA</subfield>
   <subfield code="h">631.27</subfield>
   <subfield code="i">G522</subfield>
   <subfield code="p">1999/3618</subfield>
  </datafield>
 </record>
</collection>
